Inge CUC / (Registro nro. 20187)

Detalles MARC
000 -CABECERA
Campo de control 00714cas a2200205 a 4500
005 - FECHA Y HORA DE LA ULTIMA TRANSACCION
Campo de control 20180516100332.0
008 - ELEMENTOS DE LONGITUD FIJA—INFORMACION GENERAL
Campo de control 040804c19949999ck r p r 0 0a0spa d
022 ## - ISSN
ISSN 0122-6517
040 ## - FUENTE DE CATALOGACIÓN
Agencia catalogadora original hm
Agencia transcriptora hm
Agencia Modificadora CO-BoIAVH
041 0# - IDIOMA
Código de idioma para texto/pista de sonido o título separado Español
044 ## - PAÍS DE PUBLICACIÓN
País de publicación Colombia
090 ## - CLASIFICACIÓN LOCAL
Colección SE
245 00 - MENCION DE TITULO
Título Inge CUC /
Mención de responsabilidad Corporación Universitaria de la Costa.
260 ## - PUBLICACION, DISTRIBUCION, ETC. (PIE DE IMPRENTA)
Lugar de publicación, distribución, etc. Barranquilla (Colombia) :
Nombre del editor, distribuidor, etc. Corporación Universitaria de la Costa,
Fecha de publicación, distribución, etc. 1994-.
300 ## - DESCRIPCION FISICA
Otros detalles físicos ilustraciones ;
Dimensiones 28 cm.
650 26 - ASIENTO SECUNDARIO DE MATERIA - TERMINO TEMATICO
Término temático o nombre geográfico como elemento de entrada Ingeniería
Subdivisión geográfica Barranquilla (Colombia)
Subdivisión de forma Publicaciones periódicas
9 (RLIN) 91161
650 26 - ASIENTO SECUNDARIO DE MATERIA - TERMINO TEMATICO
Término temático o nombre geográfico como elemento de entrada Tecnología
Subdivisión de forma Publicaciones periódicas
9 (RLIN) 91162
710 2# - ASIENTO SECUNDARIO - NOMBRE CORPORATIVO
Nombre corporativo o de jurisdicción como elemento de entrada Corporación Universitaria de la Costa
Lugar de la reunión (Barranquilla)
9 (RLIN) 91163
942 ## - ELEMENTOS ADICIONALES (KOHA)
Sistema de clasificación Local
Tipo de ítem Periodica o revista
Existencias
Withdrawn status Lost status Sistema de Clasificación Damaged status No para préstamo Colección Fecha publicación (Año) Volumen revista Número revista Ubicación Permanente Ubicación actual Fecha de adquisición Datos de publicación Seriada Total Checkouts Número topográfico Inventario / Código de Barras Date last seen Ejemplar Price effective from Forma de adquisición Tipo de material
    Local     Hemeroteca 2013 9 1 Bogotá Bogotá 16/05/2018 Vol 9, Nro 1 (01/06/2013)   SE 038108 16/05/2018 Ej. 1 16/05/2018 Donación Periodica o revista
    Local     Hemeroteca 2015 11 1 Bogotá Bogotá 16/05/2018 Vol 11, Nro 1 (01/06/2015)   SE 043083 16/05/2018 Ej. 1 16/05/2018 Donación Periodica o revista
    Local     Hemeroteca 2015 11 2 Bogotá Bogotá 16/05/2018 Vol 11, Nro 2 (01/12/2015)   SE 043082 16/05/2018 Ej. 1 16/05/2018 Donación Periodica o revista